Guess the Fusion Rock Song Lyrics #334 - Statistics

General Stats
  • This quiz has been taken 17 times
  • The average score is 259 of 352
Answer Stats
Answer % Correct
can
100%
can't
100%
on
100%
the
100%
they
100%
They
100%
to
100%
her
93%
I
93%
in
93%
is
93%
it
93%
love
93%
me
93%
My
93%
my
93%
she
93%
what
93%
a
86%
and
86%
And
86%
be
86%
for
86%
gone
86%
how
86%
it's
86%
right
86%
She's
86%
she's
86%
that
86%
will
86%
yeah
86%
But
79%
oh
79%
Oh
79%
one
79%
see
79%
why
79%
Get
71%
got
71%
I'll
71%
need
71%
Now
71%
wrong
71%
any
64%
away
64%
I'd
64%
never
64%
up
64%
went
64%
with
64%
believe
57%
Hall and Oates
57%
tell
57%
think
57%
Think
57%
was
57%
Let
50%
look
50%
ain't
43%
better
43%
high
43%
learn
43%
taken
43%
carry
36%
city
36%
decision
36%
devil
36%
face
36%
looking
36%
morning
36%
strength
36%
thoughts
36%
consolation
29%
drink
29%
Everybody's
29%
help
29%
memories
29%
mirror
29%
pay
29%
plain
29%
pretty
29%
quick
29%
replace
29%
toll
29%
tried
29%
trying
29%
younger
29%
bodies
21%
bore
21%
carbon
21%
choke
21%
comfort
21%
daddy
21%
hanging
21%
monoxide
21%
sermon
21%
toothbrush
21%
whoa
21%
dissolve
14%
eternity
14%
imposition
14%
less
14%
stand
14%
Charlie
7%
Sorry
7%
spend
7%
No matching quizzes found
Score Distribution
Percent of People with Each Score
Percentile by Number Answered
Your Score History
You have not taken this quiz